Hodnotenie ekonomickej efektívnosti ako komponentu rozhodovania o investíciách vo vybranom odvetví dizertačná práca

Gespeichert in:
Bibliographische Detailangaben
1. Verfasser: Frič, Oto
Körperschaft: Fakulta podnikového manažmentu EU. Katedra podnikových financií
Weitere Verfasser: Miková, Oľga
Format: Buch
Sprache:Slowakisch
Veröffentlicht: Bratislava 2013
Schlagworte:
Tags: Tag hinzufügen
Keine Tags, Fügen Sie das erste Tag hinzu!

MARC

LEADER 00000nbm a2200000 4500
001 0176257
005 20240502073014.9
041 0 |a slo 
044 |a SK 
245 1 0 |a Hodnotenie ekonomickej efektívnosti ako komponentu rozhodovania o investíciách vo vybranom odvetví  |b dizertačná práca  |c Oto Frič ; školiteľ: Oľga Miková 
264 1 |a Bratislava  |c 2013 
300 |a 126 s. 
610 2 0 |a efektívnosť ekonomická 
610 2 0 |a elektroenergetika 
610 2 0 |a projekty investičné 
610 2 0 |a investície 
610 2 0 |a majetok dlhodobý 
100 1 |a Frič, Oto 
700 1 |a Miková, Oľga 
710 2 |a Fakulta podnikového manažmentu EU. Katedra podnikových financií